00333nam a2200121 450000500170000002000180001708200200003508400250005510000180008024500570009826000450015530000110020020250924112342.0 a9789360617547 a658.8B BEA/B 2Colon Classification aBeatty, Laura aBrand management : btext and cases /c Laura Beatty aNew Delhi : bPinakin Publishing,c2025. a280p.: